Sainte-Lucie pour les touristes... - Statistiques

Statistiques générales
  • Ce quiz a été pris 6 fois
  • Le résultat moyen est 10 sur 20
Statistiques - réponses
Question Indice Réponses % Correct
Quelle est la langue officielle ? Anglais
100%
Avez-vous besoin d'un visa ? (oui/non) Non
100%
Dans la capitale quel est le décalage horaire avec Paris ? (+ ou - et chiffre) ex - 10 - 6
80%
Le principal aéroport est C Castries
80%
Quelles sont les principaux lieux touristiques ? C Castries
80%
Achats à faire 1/ Alcool Rhum
80%
La vitesse est limitée hors des villes à {65} km/h
60%
La religion majoritaire est C Catholicisme
60%
La conduite se fait à droite ou à gauche ? Gauche
60%
Quelles sont les principaux lieux touristiques ? G {Gros} Ilet
60%
Quel est le climat local ? T T Tropical tempéré
60%
Combien d'heures (environ) mettrez-vous pour vous y rendre ? (en chiffres) 14
40%
Achats à faire 3/ Paniers et coupelles en Osier
40%
Quelles sont les principaux lieux touristiques ? P {Pigeon} Island
40%
Quelles sont les principaux lieux touristiques ? R {Rodney} Bay
20%
Achats à faire 2/ Statuettes en Coquillages
0%
Quelle est la monnaie ? Dollar des Caraïbes orientales
0%
Le suffixe internet est lc
0%
Comment se nomme la principale compagnie aérienne locale L LIAT
0%
Quelles sont les principaux lieux touristiques ? F L Parc créole de {Font Latisab}
0%
Aucun quiz correspondant
Distribution des résultats
% des personnes avec chaque résultat
Percentile par nombre de réponses
Votre historique - résultats
Vous n’avez pas pris ce quiz